000 00240nam a2200097Ia 4500
008 190216s9999||||xx |||||||||||||| ||und||
100 _aArthar W Garston
245 0 _aHaritha Sasyathinde Jeevitham
260 _bKerala Basha Inst
942 _cBK
999 _c37655
_d37655